Statistiques concernant Cyclisme : Coureurs ayant Gagnés 3 Tour de France !!!

Cliquez ici pour prendre le quiz!

Statistiques générales

  • Ce quiz a été pris 92 fois
  • Le résultat moyen est 6 sur 8

Statistiques - réponses

Réponse% Correct
Chris Froome
99%
Bernard Hinault
92%
Eddy Merckx
91%
Jacques Anquetil
84%
Miguel Indurain
82%
Greg Le Mond
67%
Louison Bobet
65%
Philippe Thys
20%

Distribution des résultats

Percentile par nombre de réponses

% des personnes avec chaque résultat

Votre développement - résultats

Vous n’avez pas pris ce quiz